Pokémon aux noms les plus courts par lettres - Statistiques

Statistiques générales
  • Ce quiz a été pris 220 fois
  • Le résultat moyen est 11 sur 26
Statistiques - réponses
Lettre Pokémon % Correct
A Abo
85%
Z Zarbi | Zorua
74%
X Xatu
64%
P Paras | Pichu | Ptéra | Pyrax
62%
N Natu
55%
Y Yanma
55%
M Mew
52%
Q Qwilfish
49%
U Ursaring
48%
C Clic | Coxy
47%
D Doduo | Draby | Draco
46%
K Kabuto | Keldeo | Kirlia | Krabby | Krakos | Kyogre | Kyurem
46%
T Tic
44%
W Wailmer | Wailord
39%
E Éoko
38%
H Ho-Oh
38%
S Smogo | Stari
32%
J Jungko
29%
I Ixon
27%
O Onix
27%
B Barpau | Blizzi | Boréas
26%
L Lixy
26%
R Riolu
23%
V Vémini | Verpom
22%
G Gobou
21%
F Flobio | Frison
15%
Aucun quiz correspondant
Distribution des résultats
% des personnes avec chaque résultat
Percentile par nombre de réponses
Votre historique - résultats
Vous n’avez pas pris ce quiz